[Event "Pan American-ch U10 Girls 34th"]
[White "Chan, Kara"]
[Black "Meng, Miranda"]
[Site "Orlando"]
[Round "7"]
[Result "1/2-1/2"]
[Date "2024.07.19"]
[WhiteElo "1528"]
[BlackElo "1584"]
[PlyCount "121"]
[EventDate "2024.07.15"]
[EventType "swiss"]
[EventRounds "9"]
[EventCountry "USA"]
[SourceTitle "EXT 2025"]
[Source "ChessBase"]
[SourceDate "2024.10.14"]
[SourceVersion "1"]
[SourceVersionDate "2024.10.14"]
[SourceQuality "1"]
[WhiteTeam "USA"]
[BlackTeam "USA"]

1. d3 d5 2. Nf3 Nf6 3. g3 g6 4. Bg2 Bg7 5. 0-0 0-0 6. Nbd2 c5 7. e4 Nc6 8. c3 d4 9. Qc2 e5 10. h3 Re8 11. Kh2 Bd7 12. Ne1 Qc7 13. Nb3 b6 14. f4 dxc3 15. bxc3 Nh5 16. Rf3 exf4 17. g4 Nf6 18. Bxf4 Qc8 19. Rf1 Be6 20. Rd1 c4 21. Nd4 cxd3 22. Qd2 Bc4 23. Nxc6 Qxc6 24. e5 Ne4 25. Qe3 Bxe5 26. Qxe4 Qxe4 27. Bxe4 d2 28. Nd3 Bxf4+ 29. Rxf4 g5 30. Bxh7+ Kxh7 31. Rxc4 Re2+ 32. Kg1 Rae8 33. Kf1 Rh2 34. Nf2 Re3 35. Rxd2 Rexh3 36. Nxh3 Rxd2 37. Nxg5+ Kg6 38. Nf3 Rxa2 39. Rc7 f6 40. Rc6 Kg7 41. Nd4 Ra4 42. Rc7+ Kg6 43. Kf2 Ra2+ 44. Kf3 a5 45. Kf4 Ra4 46. Rb7 Rc4 47. Rxb6 Rxc3 48. Ra6 Rc4 49. Ke4 Kg5 50. Rxa5+ Kxg4 51. Kd3 Rc8 52. Rf5 Rc6 53. Ke4 Rd6 54. Rf1 Kh3 55. Rg1 Ra6 56. Kf5 Ra4 57. Ne6 Kh2 58. Rg8 Rh4 59. Kxf6 Rh6+ 60. Kf5 Rh5+ 61. Ng5 1/2-1/2